Les meilleurs buteurs de la Coupe du Monde de Football 2022 - Statistiques

Statistiques générales
  • Ce quiz a été pris 107 fois
  • Le résultat moyen est 3 sur 10
Statistiques - réponses
Classement Nombre de buts Joueurs % Correct
1 8 buts Kylian Mbappé
100%
2 7 buts Lionel Messi
100%
4 4 buts Olivier Giroud
60%
3 4 buts Julian Alvarez
22%
7 3 buts Richarlison
13%
8 3 buts Enner Valencia
9%
9 3 buts Alvaro Morata
8%
6 3 buts Bukayo Saka
8%
10 3 buts Cody Gakpo
7%
5 3 buts Marcus Rashford
5%
Aucun quiz correspondant
Distribution des résultats
% des personnes avec chaque résultat
Percentile par nombre de réponses
Votre historique - résultats
Vous n’avez pas pris ce quiz